Ulises / (Record no. 85388)

MARC details
000 -LEADER
campo de control de longitud fija 00827nam a2200265 i 4500
001 - NÚMERO DE CONTROL
campo de control 85388
003 - IDENTIFICADOR DE NÚMERO DE CONTROL
campo de control ES-MaACL
005 - FECHA Y HORA DE LA ÚLTIMA TRANSACCIÓN
campo de control 20260121141220.0
007 - CAMPO FIJO DE DESCRIPCIÓN FÍSICA--INFORMACIÓN GENERAL
campo de control de longitud fija t|
008 - DATOS DE LONGITUD FIJA--INFORMACIÓN GENERAL
campo de control de longitud fija 041126s1980 sp ||||1| spa d
020 ## - NÚMERO INTERNACIONAL ESTÁNDAR DEL LIBRO
Número Internacional Estándar del Libro 84-264-1996-8
080 ## - NÚMERO DE LA CLASIFICACIÓN DECIMAL UNIVERSAL
Número de la Clasificación Decimal Universal 821.111(415)-31"19"
100 1# - ENTRADA PRINCIPAL--NOMBRE DE PERSONA
Nombre de persona Joyce, James,
Fechas asociadas al nombre 1882-1941
9 (RLIN) 67077
245 10 - MENCIÓN DEL TÍTULO
Título Ulises /
Mención de responsabilidad, etc. James Joyce ; traducción y prólogo de José María Valverde.
250 ## - MENCION DE EDICION
Mención de edición 4ª ed.
260 ## - PUBLICACIÓN, DISTRIBUCIÓN, ETC.
Lugar de publicación, distribución, etc. Barcelona :
Nombre del editor, distribuidor, etc. Lumen,
Fecha de publicación, distribución, etc. 1980.
300 ## - DESCRIPCIÓN FÍSICA
Extensión 2 v. ;
Dimensiones 19 cm.
490 1# - MENCIÓN DE SERIE
Mención de serie Palabra en el tiempo ;
Designación de volumen o secuencia 112. Serie novela
700 1# - ENTRADA AGREGADA--NOMBRE PERSONAL
Nombre de persona Valverde, José María,
Fechas asociadas al nombre 1926-1996
9 (RLIN) 113013
830 1# - PUNTO DE ACCESO ADICIONAL DE SERIE-TÍTULO UNIFORME
Título uniforme Palabra en el tiempo ;
Designación de volumen o secuencia 112. Serie novela
9 (RLIN) 177857
852 4# - LOCALIZACIÓN
Ubicación ES-MaACL
Número de control de estantería L-3971
Ubicación en estantería Depósito 2
itemnumber 88522
852 4# - LOCALIZACIÓN
Ubicación ES-MaACL
Número de control de estantería L-3972
Ubicación en estantería Depósito 2
942 ## - ELEMENTOS DE ENTRADA SECUNDARIOS (KOHA)
Fuente del sistema de clasificación o colocación Clasificación decimal universal
Holdings
Estatus retirado Estado de pérdida Fuente del sistema de clasificación o colocación Estado de daño No para préstamo Biblioteca de origen Biblioteca actual Ubicación en estantería Fecha de adquisición Total de préstamos Signatura topográfica completa Código de barras Visto por última vez Precio de reemplazo Tipo de ítem Koha
    Clasificación decimal universal     Biblioteca del Ateneo de Madrid Biblioteca del Ateneo de Madrid Depósito 2 17/01/2008   L-3971 1089228 23/02/2023 23/02/2023 Libro impreso
    Clasificación decimal universal     Biblioteca del Ateneo de Madrid Biblioteca del Ateneo de Madrid Depósito 2 21/01/2026   L-3972 2026-0007 21/01/2026 21/01/2026 Libro impreso